KOHA-Header-6

Corporate etiquette (Record no. 8757)

000 -LEADER
fixed length control field 00259nam a2200109Ia 4500
100 ## - MAIN ENTRY--AUTHOR NAME
Personal name Sitagita Speaks on
245 #0 - TITLE STATEMENT
Title Corporate etiquette
260 ## - PUBLICATION, DISTRIBUTION, ETC. (IMPRINT)
Place of publication New york
Name of publisher Prentice
Year of publication 1997
300 ## - PHYSICAL DESCRIPTION
Number of Pages 800
942 ## - ADDED ENTRY ELEMENTS (KOHA)
Koha item type Books
Holdings
Withdrawn status Lost status Collection code Permanent Location Current Location Shelving location Date acquired Full call number Accession Number Koha item type
    Psychology MAJU MAJU Shelf No.A35 2019-09-14 658.15 3715 Psychology

Powered by Koha